Koncepčný návrh robotizovaného pracoviska obrábacej linky pre povrchovú úpravu plastových výliskov automobilových nárazníkov v projekčnom softvéri ABB RobotStudio

Salvato in:
Dettagli Bibliografici
Autore principale: Matlovič, Martin (Autore)
Altri autori: Vachálek, Ján (Relatore della tesi)
Natura: Manoscritto Libro
Lingua:slovacco
Pubblicazione: 2016
Soggetti:
Accesso online:http://is.stuba.sk/zp/portal_zp.pl?podrobnosti=112890
Tags: Aggiungi Tag
Nessun Tag, puoi essere il primo ad aggiungerne!!

MARC

LEADER 00000ntm a22000003a 4500
001 stuzp58278
003 SK-STU
005 20160719155520.8
007 ta
008 150427s2015----xo-----f-mn---000-0-slo-d
040 |a STU  |b slo 
041 0 |a slo 
100 1 |a Matlovič, Martin  |u 020020  |k Z4  |4 aut  |U SjF Strojnícka fakulta  |T SjF Ústav automatizácie, merania a aplikovanej informatiky  |X 68308  |U J0020  |Y 802  |7 A000068308 
242 0 1 |a Design of transfer machine for the surface treatment of plastic moldings of automobile bumper  |y eng 
245 1 0 |a Koncepčný návrh robotizovaného pracoviska obrábacej linky pre povrchovú úpravu plastových výliskov automobilových nárazníkov v projekčnom softvéri ABB RobotStudio 
260 |c 2016 
650 4 |a ABB  |2 slo 
650 4 |a robot  |2 slo 
650 4 |a injekčný vstrekovací lis  |2 slo 
650 4 |a ABB  |2 eng 
650 4 |a robot  |2 eng 
650 4 |a injection moulding machine  |2 eng 
700 1 |a Vachálek, Ján  |u 020020  |k Z1  |4 ths  |U SjF Strojnícka fakulta  |T SjF Ústav automatizácie, merania a aplikovanej informatiky  |X 2232  |U J0020  |Y 802  |7 A000002232 
856 4 |u http://is.stuba.sk/zp/portal_zp.pl?podrobnosti=112890 
996 |b 284J044022  |c J* 2312/DP  |l JJSK  |s A  |a 24  |w stuzp58278_0001 
SQL |a stuzp58278  |b DDP  |c SLO  |d Koncepčný návrh robotizovaného pracoviska obrábacej linky pre povrchovú úpravu plastových výliskov automobilových nárazníkov v projekčnom softvéri ABB RobotStudio  |e 68308  |f Matlovič, Martin  |g 020020  |h 2232  |i Vachálek, Ján  |j 20160616  |k 51  |l 02  |m http://is.stuba.sk/zp/portal_zp.pl?podrobnosti=112890  |n I-AISP  |o 5.2.14. automatizácia